000 00594nam a2200193 a 4500
001 8229
003 CO-ViMGA
008 141112s2004 ck r 000 u spa d
020 _a9580211191
040 _aCO-ViMGA
_bspa
_cCO-ViMGA
082 0 4 _aCo863.44 G216a
100 1 _aGarcia Marquez, Gabriel
_94170
245 1 0 _aEl ahogado mas hermoso del mundo /
_cGarcia Marquez Gabriel
260 _aBogotá,
_cVoluntad,
_c1995
300 _a59 p.
590 _aForma de adquisición : Donacion - - Proveedor : Biblioteca Luis Ángel Arango
650 1 4 _acuentos colombianos
_98043
942 _2ddc
_cBK
999 _c20039
_d20039